000 00617nam a22001937a 4500
005 20260402084254.0
008 260402b |||||||| |||| 00| 0 eng d
020 _a 9781582553917
050 _a RT48
_b.A87 2005
245 _a Assessment made incredibly easy!
250 _a3rd ed.
260 _a Philadelphia, PA :
_b Lippincott Williams & Wilkins,
_c2005.
300 _a vi, 378 p. :
_b ill.;
_c24 cm.
500 _a Includes bibliographical references (p. 372) and index.
650 _aNursing assessment
650 _aPhysical Examination
700 _a Lippincott Williams & Wilkins.
942 _2lcc
_cBK
999 _c60327
_d60327